000 00437 a2200157 4500
999 _c3009
_d3009
020 _a9780702177286
050 _aK487 CHE 2007
100 _aChennells, Colleen
245 _aIntroduction to Governance:
_bStudent book /
_cColleen Chennells and Fiona Wakelin
264 _aCape Town
_bJuta
_c2007
300 _a144p. ;
_bill.
500 _aStudent book
650 _aGovernance
700 _aWakelin, Fiona
942 _2lcc
_cBK
_h487
_iCHE
_kK